000 00627nam a2200217 i 4500
001 10526
003 ES-MaACL
005 20230906145914.0
007 t|
008 950823s1955 sp f |||| | spa d
080 _a916.491
100 1 _aArroyo, Porfirio.
_923364
245 1 0 _aTenerife /
_cpor Porfirio Arroyo.
260 _aMadrid :
_bPublicaciones Españolas,
_c1955.
300 _a28 p., [4] p. de lám. ;
_c24 cm.
490 1 _aTemas españoles ;
_v160
651 4 _aTenerife-
_xDescripción.
_9161044
830 0 _aTemas españoles ;
_v160
_9178712
852 _aES-MaACL
_jL-17826
999 _c10526
_d10526